The Scottish forestry strategy (Record no. 107613)

MARC details
000 -LEADER
fixed length control field 01289cad a22002055a 4500
001 - CONTROL NUMBER
control field E141215
008 - FIXED-LENGTH DATA ELEMENTS--GENERAL INFORMATION
fixed length control field 071105e20061009stk f s000 0 eng d
020 ## - INTERNATIONAL STANDARD BOOK NUMBER
International Standard Book Number 085538705X
035 ## - SYSTEM CONTROL NUMBER
System control number (Sirsi) u141215
041 0# - LANGUAGE CODE
Language code of text/sound track or separate title eng
050 04 - LIBRARY OF CONGRESS CALL NUMBER
Classification number 634.92 $2 18
110 1# - MAIN ENTRY--CORPORATE NAME
Corporate name or jurisdiction name as entry element Scotland
Subordinate unit Scottish Executive
9 (RLIN) 4769
245 04 - TITLE STATEMENT
Title The Scottish forestry strategy
Remainder of title 2006
Medium [electronic resource]
260 ## - PUBLICATION, DISTRIBUTION, ETC.
Place of publication, distribution, etc. Edinburgh
Name of publisher, distributor, etc. Forestry Commission Scotland
Date of publication, distribution, etc. 2006
520 ## - SUMMARY, ETC.
Summary, etc. The Forestry Commission Scotland's (FCS) mission is to protect and expand Scotland's forests and woodlands and increase their value to society and the environment. The Strategy helps to realise the Scottish Executive's top priority of growing the economy in a sustainable way in order to raise everyone's quality of life. The Strategy's core principles are based on sustainable development and social inclusion, achieved through a culture of forestry for and with people and delivered in well managed forests and woodlands that integrate effectively with other land uses and businesses.
651 #4 - SUBJECT ADDED ENTRY--GEOGRAPHIC NAME
Geographic name Scotland
Chronological subdivision 1999-
690 ## - LOCAL SUBJECT ADDED ENTRY--TOPICAL TERM (OCLC, RLIN)
Topical term or geographic name as entry element ENVIRONMENTAL AND LAND CONSULTANCY-FORESTRY AND WOODLAND MANAGEMENT
856 41 - ELECTRONIC LOCATION AND ACCESS
Uniform Resource Identifier <a href="https://www.forestry.gov.uk/forestry/infd-6aggzw">https://www.forestry.gov.uk/forestry/infd-6aggzw</a>
Public note View the document free of charge at www.forestry.gov.uk...
942 ## - ADDED ENTRY ELEMENTS (KOHA)
Suppress in OPAC 0
Holdings
Withdrawn status Lost status Source of classification or shelving scheme Damaged status Not for loan Home library Current library Shelving location Date acquired Total Checkouts Full call number Barcode Date last seen Copy number Price effective from Koha item type
    Dewey Decimal Classification     Virtual Virtual Online 05/11/2007   ONLINE PUBLICATION 141215-2001 06/08/2019 1 06/08/2019 Book